Historia del pensamiento económico
Guardat en:
| Autor principal: | |
|---|---|
| Format: | Text |
| Publicat: |
Barcelona:
Ariel
|
| Etiquetes: |
Afegir etiqueta
Sense etiquetes, Sigues el primer a etiquetar aquest registre!
|
MARC
| LEADER | 00000 a a2200000 04500 | ||
|---|---|---|---|
| 001 | 24921 | ||
| 003 | |||
| 040 | |||
| 090 | |a 175700 | ||
| 100 | |a Denis, Henri | ||
| 245 | |a Historia del pensamiento económico | ||
| 260 | |a Barcelona: |b Ariel | ||
| 300 | |a 613 p. |b fonodiscos | ||
| 999 | |c 10734 |d 10734 | ||
